[Event "Brasilia op"]
[Site "Brasilia"]
[Date "2025.01.08"]
[Round "3"]
[White "Bassani, Eduardo"]
[Black "Cavalcanti, Gabriel Miranda"]
[Result "1/2-1/2"]
[WhiteElo "1937"]
[BlackElo "1696"]
[PlyCount "126"]
[EventDate "2025.01.07"]
[EventType "swiss"]
[EventRounds "9"]
[EventCountry "BRA"]
[SourceTitle "CB12_2025"]
[SourceDate "2025.03.19"]
[SourceVersion "1"]
[SourceVersionDate "2025.03.19"]
[SourceQuality "1"]

1. d4 d5 2. Nc3 Nf6 3. Bg5 Bf5 4. f3 Nbd7 5. Nxd5 Nxd5 6. e4 h6 7. Bd2 e5 8. exd5 Qh4+ 9. g3 Qxd4 10. Bc3 Qe3+ 11. Qe2 Qxe2+ 12. Bxe2 Bxc2 13. Bb5 Bd6 14. Kd2 Bf5 15. Re1 f6 16. f4 e4 17. Ne2 a6 18. Nd4 Bh7 19. Bf1 Kf7 20. Bh3 Nc5 21. Ne6 c6 22. Nxc5 Bxc5 23. Be6+ Ke7 24. Kc1 e3 25. f5 cxd5 26. Bxd5 Bxf5 27. Rhf1 Bd3 28. Rf3 Kd6 29. Bxb7 Ra7 30. Rd1 Rxb7 31. Rxd3+ Kc6 32. Kd1 Rd7 33. Rxd7 Kxd7 34. Ke2 Kc6 35. Rf4 Rd8 36. Ra4 Kb5 37. Ra5+ Kb6 38. Ra4 Re8 39. b4 Bd6 40. Bd4+ Kb5 41. Ra5+ Kxb4 42. Rxa6 Be5 43. Bxe5 Rxe5 44. Ra7 g5 45. g4 Re6 46. Rh7 Kc4 47. Rxh6 Kd4 48. Rh3 Ra6 49. Rxe3 Rxa2+ 50. Kf3 Rxh2 51. Re6 Rh3+ 52. Kg2 Rh6 53. Kf3 Kd5 54. Re8 Rh3+ 55. Kg2 Rc3 56. Re7 Rc6 57. Kf3 Rc5 58. Re1 Rc4 59. Re8 Rf4+ 60. Kg3 Re4 61. Ra8 Re6 62. Kf3 Ke5 63. Ra6 f5 1/2-1/2